Investment Management: (Record no. 208833)

MARC details
000 -LEADER
fixed length control field 00626nam a22002057a 4500
005 - DATE AND TIME OF LATEST TRANSACTION
control field 20250128121631.0
010 ## - LCCN (DPL NO)
LC control number ENG-143640
020 ## - INTERNATIONAL STANDARD BOOK NUMBER
International Standard Book Number 9789356748569
Terms of availability 825.00
035 ## - SYSTEM CONTROL NUMBER
System control number EN-127172
037 ## - SOURCE OF ACQUISITION
Source of stock number/acquisition DBAD
082 ## - DEWEY DECIMAL CLASSIFICATION NUMBER
Classification number 332.63
100 ## - MAIN ENTRY--PERSONAL NAME
Personal name Mukherjee, Subrata
245 ## - TITLE STATEMENT
Title Investment Management:
Statement of responsibility, etc by Subrata Mukherjee
Remainder of title Text, Problems and Cases/
250 ## - EDITION STATEMENT
Edition statement 2
260 ## - PUBLICATION, DISTRIBUTION, ETC. (IMPRINT)
Place of publication, distribution, etc New Delhi
Name of publisher, distributor, etc Vikas Publishing House
Date of publication, distribution, etc 2024
270 ## - ADDRESS
Address 7361, Ravindra Mansion, Ram Nagar,
City New Delhi
Postal code 110002
300 ## - PHYSICAL DESCRIPTION
Extent 662p.
Dimensions 26cm.(pb)
500 ## - GENERAL NOTE
General note It includes index
942 ## - ADDED ENTRY ELEMENTS (KOHA)
Source of classification or shelving scheme Dewey Decimal Classification
Item type English Books
Call number suffix MUK
Classification part 332.63
Holdings
Withdrawn status Lost status Not for loan Collection code Home library Current library Date acquired Source of acquisition Cost, normal purchase price Full call number Barcode Copy number Cost, replacement price Koha item type
    Not For Loan Non-fiction D.B.Act.Division D.B.Act.Division 28/01/2025 Delivery of Books Act Division 825.00 MUK 332.63 EN-127172 1 825.00 English Books

© Delhi Public Library
Hit Counter
free hit counter